Statistiques concernant Quiz sur l'Empire ottoman

Cliquez ici pour prendre le quiz!

Statistiques générales

  • Ce quiz a été pris 4 158 fois
  • Le résultat moyen est 11 sur 20

Statistiques - réponses

QuestionRéponse% Correct
Quelle était la capitale de l'Empire ottoman ?Constantinople
98%
Quel était la langue principale des Ottomans ?Turc
87%
Quelle empire contrôlait cette ville avant sa prise par l'Empire ottoman en 1453 ?L'Empire byzantin
78%
Contre quel groupe de personnes les Ottomans ont-ils commis un génocide ?Arménien, assyrien et grec pontique
76%
Qui a mené l'Empire à un âge d'or pendant ses 46 ans de règne dans les années 1500 ?Soliman
le {Magnifique}
72%
Quel était le titre du souverain ottoman ?Sultan
70%
Quelle ligne de train reliait l'Empire ottoman à Paris ?{Orient} Express
63%
Quelle guerre a marqué la fin de l'Empire ottoman ?Première Guerre mondiale
61%
Quelle personne exerçait en quelque sorte le rôle de Premier ministre de l'Empire ?Grand {Vizir}
56%
Quelle arme alors novatrice les Ottomans ont-ils utilisé afin de passer les murs imprenables de cette ville ?Canon
53%
Quelle capitale européenne les Ottomans ont-ils assiégée mais n'ont pas réussi à capturer, en 1529 et 1683 ?Vienne
53%
Qui a fondé la Turquie moderne après l'effondrement de l'Empire en 1922 ?Mustafa Kemal Atatürk
47%
Quel autre titre le dirigeant ottoman prenait-il pour désigner le leadership du
monde islamique dans sa globalité ?
Calife
43%
Quel prince valaque a opposé une résistance sanglante contre les Ottomans, empalant des milliers de leurs soldats ?Vlad III l'Empaleur
41%
Quel aventurier britannique a aidé à commander la révolte arabe contre les Ottomans ?Thomas Edward Lawrence
36%
Quelle guerre les Ottomans ont-ils menée contre la Russie dans les années 1850 ?Guerre de Crimée
33%
Quel groupe de soldats d'élite était initialement composé d'enfants chrétiens kidnappés qui étaient convertis à l'Islam ?Janissaire
32%
Qui a fondé l'empire Ottoman en 1299 ?Osman Ier
20%
Quel poète anglais est mort en combattant pour l'indépendance de la Grèce
vis à vis des Ottomans en 1824 ?
Lord Byron
15%
Quelle péninsule les troupes australiennes et néo-zélandaises n'ont-elles pas réussi à prendre, en comptant de nombreuses pertes ?Gallipoli
14%

Distribution des résultats

Percentile par nombre de réponses

% des personnes avec chaque résultat

Votre développement - résultats

Vous n’avez pas pris ce quiz